Statistiken für Größte deutsche Städte ohne Bundesligateam

Klicken Sie hier um das Quiz zu spielen!

Allgemein

  • Dieses Quiz wurde 741 mal gespielt
  • Das Durchschnittsergebnis liegt bei 10 aus 16

Antwortstatistiken

EinwohnerAntwort% Korrekt
246.306Kiel
81%
167.745Potsdam
74%
235.723Magdeburg
72%
318.809Bonn
70%
210.118Erfurt
69%
248.645Chemnitz
66%
197.984Kassel
65%
276.218Wiesbaden
62%
236.991Halle
62%
216.253Lübeck
62%
162.403Osnabrück
56%
163.830Oldenburg
51%
164.718Ludwigshafen am Rhein
45%
179.397Hamm
43%
189.044Hagen
39%
169.278Mülheim an der Ruhr
34%

Verteilung der Resultate

Perzentil nach korrekt beantworteten Fragen

Anzahl Personen mit jedem Resultat

Ihre Resultats-Entwicklung

Sie haben dieses Quiz noch nicht gespielt